Historia sagrada : Geografía, gramática, aritmética, lecciones de cosas, francés correspondiente al curso elemental para los Colegios de las Carmelitas de la C.

Gespeichert in:
Bibliographische Detailangaben
1. Verfasser: Sin autor
Format: Buch
Erschienen: Santiago Imprenta Chile s f
Katalog:MANES:  Suchergebnis im Bibliothekskatalog
Schulbuchspezifische Eigenschaften:
Schlagworte:
Tags: Tag hinzufügen
Keine Tags, Fügen Sie den ersten Tag hinzu!
Hinzugefügt zu:29.11.1999
Geändert in:25.04.2025

MARC

LEADER 00000nam a22000007a 4500
005 20250425101438.0
008 spa
040 |a MGM 
100 |9 11659  |a Sin autor 
245 |a Historia sagrada : Geografía, gramática, aritmética, lecciones de cosas, francés correspondiente al curso elemental para los Colegios de las Carmelitas de la C. 
260 |a Santiago  |b Imprenta Chile  |c s f 
300 |a 64 p.  |c 11 x 16 cm. 
500 |a Ubicación local: T 200 H673h 
546 |a Chile 
561 |5 cl-MGM  |3 T 200 H673h  |a Chile. Museo Gabriela Mistral  |k MANES 
690 |a RyM  |a GEO  |a LEN  |a LE 
690 0 |a MATE 
650 |a Lecciones de Cosas  |9 35224 
691 |a PRI 
942 |2 ddc  |c BK 
999 |c 53359  |d 53359 
999 |c manes:53359  |d 53359